000 00776cam a22002057i 4500
999 _c59803
_d59803
001 17491634
005 20230421121300.0
008 121012s2013 nyuad b 001 0 eng
020 _a9780199793549x
041 _aeng
080 _a159.97 the - 44
245 0 4 _aThe Oxford handbook of research strategies for clinical psychology /
_cedited by Jonathan S. Comer, Philip C. Kendall.
264 4 _c[2013].
_aOxford :
_bOxford University Press,
300 _a459 pages ;
_billustrations ;
_c26 cm.
490 0 _aOxford library of psychology
653 _aკლინიკური ფსიქოლოგია
700 1 _aComer, Jonathan S.,
_eრედაქტორი
_917709
700 1 _aKendall, Philip C.,
_eრედაქტორი
_917710
942 _2udc
_cBK